Relaciones del Perú con los Estados Unidos

Saved in:
Bibliographic Details
Main Author: Ferrero Costa, Eduardo (Author)
Format: Book
Language:Spanish
Published: Lima CEPEI 1987
Subjects:
Tags: Add Tag
No Tags, Be the first to tag this record!

MARC

LEADER 00000nam a2200000 a 4500
001 UCO8153
003 CL-VaPUC
008 001201e19870000PE |||||||||||||||||spa|d
082 0 4 |a 327.85073  |b FER  |2 21 
100 0 |a Ferrero Costa, Eduardo  |e author  |9 452934 
245 1 0 |a Relaciones del Perú con los Estados Unidos 
300 |a 391 p 
942 |c BK 
945 |d 20001201 00:00:00  |a crobeson 
260 |a Lima  |b CEPEI  |c 1987 
500 |a Donación del profesor Manfred Wilhelmy von Wolff 
650 0 |a Relaciones Internacionales  |9 255740 
650 0 |a Política exterior   |9 316628 
651 0 |a Perú  |9 256567 
651 0 |a Estados Unidos  |9 255178 
583 |a last modification  |c 20001201 00:00:00  |k Rodrigo Vera 
999 |c 292882  |d 292880 
952 |0 0  |1 0  |4 0  |6 327_850730000000000_FER_1987  |7 0  |8 A  |9 343958  |a BIBHIS  |b BIBHIS  |d 2019-11-20  |i 1235931  |o 327.85073 FER 1987  |p 1235931  |r 2025-01-20  |w 2019-11-20  |y BK  |k HIS